000 00316 a2200133 4500
001 156094
040 _cEscola São Tomás de Aquino
100 _aFERREIRA, Carlos César
240 1 0 _aA gartota da Oceania
_lpor
245 1 0 _aA gartota da Oceania
362 0 _a2012
697 _a*LITERATURA JUVENIL
942 _cBK
999 _c156094
_d156094